Regeneration (Record no. 104588)
[ view plain ]
| 000 -LEADER | |
|---|---|
| fixed length control field | 01448cam a2200193 4500 |
| 001 - CONTROL NUMBER | |
| control field | L130835 |
| 008 - FIXED-LENGTH DATA ELEMENTS--GENERAL INFORMATION | |
| fixed length control field | 050902n2005 000 0 eng u |
| 035 ## - SYSTEM CONTROL NUMBER | |
| System control number | (Sirsi) u130835 |
| 041 0# - LANGUAGE CODE | |
| Language code of text/sound track or separate title | eng |
| 110 ## - MAIN ENTRY--CORPORATE NAME | |
| Corporate name or jurisdiction name as entry element | Wales Audit Office |
| 9 (RLIN) | 4758 |
| 245 ## - TITLE STATEMENT | |
| Title | Regeneration |
| Remainder of title | a simpler approach for Wales |
| 260 ## - PUBLICATION, DISTRIBUTION, ETC. | |
| Place of publication, distribution, etc. | Cardiff |
| Name of publisher, distributor, etc. | Wales Audit Office |
| Date of publication, distribution, etc. | 2005 |
| 520 ## - SUMMARY, ETC. | |
| Summary, etc. | The report outlines the results of the 2003-04 baseline assessment of regeneration in all 22 councils in Wales carried out by the Audit Commission in Wales (AciW). The assessment sought to determine if the regeneration process in Wales was effective, efficient and sustainable, to provide guidance to local authorities, the Welsh Assembly Government and other public bodies and to manage and monitor the regeneration process at national and local level.The report also identifies what AciW considered to be the key national issues for regeneration in Wales. Two supplementary reports have been published: "Regeneration in Wales since the 1950's |
| Expansion of summary note | timeline and synopsis" which provides a historical overview of Welsh policies and initiatives and "Notable practice in regeneration" which provides case studies of notable regeneration practice in Wales. |
| 590 ## - LOCAL NOTE (RLIN) | |
| Local note | IKA130905 |
| 690 ## - LOCAL SUBJECT ADDED ENTRY--TOPICAL TERM (OCLC, RLIN) | |
| Topical term or geographic name as entry element | PROPERTY-PROPERTY MANAGEMENT-REGENERATION |
| 710 ## - ADDED ENTRY--CORPORATE NAME | |
| Corporate name or jurisdiction name as entry element | CAG Consultants |
| 9 (RLIN) | 779 |
| 856 ## - ELECTRONIC LOCATION AND ACCESS | |
| Uniform Resource Identifier | <a href="https://www.wao.gov.uk/news/news_657.asp">https://www.wao.gov.uk/news/news_657.asp</a> |
| Public note | View the reports free of charge at www.wao.gov.uk... |
| 942 ## - ADDED ENTRY ELEMENTS (KOHA) | |
| Suppress in OPAC | 0 |
| Withdrawn status | Lost status | Source of classification or shelving scheme | Damaged status | Not for loan | Home library | Current library | Shelving location | Date acquired | Total Checkouts | Full call number | Barcode | Date last seen | Copy number | Price effective from | Koha item type |
|---|---|---|---|---|---|---|---|---|---|---|---|---|---|---|---|
| Dewey Decimal Classification | Virtual | Virtual | Online | 02/09/2005 | ONLINE PUBLICATION | 130835-2001 | 06/08/2019 | 1 | 06/08/2019 | Book |